| 000 -LEADER |
| fixed length control field |
00903nam a2200241Ia 4500 |
| 001 - CONTROL NUMBER |
| control field |
9132 |
| 003 - CONTROL NUMBER IDENTIFIER |
| control field |
GE_BSU |
| 008 - FIXED-LENGTH DATA ELEMENTS--GENERAL INFORMATION |
| fixed length control field |
181216s||||||||xx |||||||||||||| ||und|| |
| 040 ## - CATALOGING SOURCE |
| Transcribing agency |
GE_BSU |
| 080 ## - UNIVERSAL DECIMAL CLASSIFICATION NUMBER |
| Universal Decimal Classification number |
821.353.1-4+355.48(47+57) |
| 100 ## - MAIN ENTRY--PERSONAL NAME |
| Personal name |
კოკილაშვილი,არჩილ |
| 245 ## - TITLE STATEMENT |
| Title |
ფრონტული სიჭაბუკე |
| 245 ## - TITLE STATEMENT |
| Remainder of title |
ნარკვევები |
| 245 ## - TITLE STATEMENT |
| Statement of responsibility, etc. |
რედ:შ.კაპანაძე;მხატვ:დ.გრიგოლია |
| 260 ## - PUBLICATION, DISTRIBUTION, ETC. |
| Place of publication, distribution, etc. |
თბილისი. |
| 260 ## - PUBLICATION, DISTRIBUTION, ETC. |
| Name of publisher, distributor, etc. |
საბჭ.საქართველო |
| 260 ## - PUBLICATION, DISTRIBUTION, ETC. |
| Date of publication, distribution, etc. |
1971. |
| 300 ## - PHYSICAL DESCRIPTION |
| Extent |
207გვ;20სმ |
| 653 ## - INDEX TERM--UNCONTROLLED |
| Uncontrolled term |
ნარკვევები |
| 653 ## - INDEX TERM--UNCONTROLLED |
| Uncontrolled term |
ნარკვევები ქართველები დიდ სამამულო ომში; |
| 653 ## - INDEX TERM--UNCONTROLLED |
| Uncontrolled term |
ფრონტული სიჭაბუკე |
| 942 ## - ADDED ENTRY ELEMENTS (KOHA) |
| Koha item type |
წიგნი |